Pectoral and brachial muscles 1 - Statistics

General Stats
  • This quiz has been taken 2 times
  • The average score is 6 of 16
Answer Stats
Picture Answer % Correct
Supraspinatus
100%
Biceps brachii
50%
Brachialis
50%
Brachioradialis
50%
Coracobrachialis
50%
Deltoid
50%
Infraspinatus
50%
Latissimus dorsi
50%
Pectoralis major
50%
Teres major
50%
Teres minor
50%
Lateral head (triceps brachii)
0%
Lateral head (triceps brachii)
0%
Long head (triceps brachii)
0%
Long head (triceps brachii)
0%
Medial head (triceps brachii)
0%
No matching quizzes found
Score Distribution
Percent of People with Each Score
Percentile by Number Answered
Your Score History
You have not taken this quiz